Heráldica española (Record no. 1699)

MARC details
000 -CABECERA
campo de control de longitud fija 00963nam a2200265 a 4500
001 - NÚMERO DE CONTROL
campo de control BRCA_1927
005 - FECHA Y HORA DE LA ÚLTIMA TRANSACCIÓN
campo de control 20190320203615.0
008 - DATOS DE LONGITUD FIJA--INFORMACIÓN GENERAL
campo de control de longitud fija 931109s1990 sp-a---##b---#001-0#spa-d
020 ## - NÚMERO INTERNACIONAL ESTÁNDAR DEL LIBRO
Número Internacional Estándar del Libro 8486629365
040 ## - FUENTE DE LA CATALOGACIÓN
Centro catalogador/agencia de origen NjP
Centro/agencia transcriptor NjP
Centro/agencia modificador DLC
050 #4 - SIGNATURA TOPOGRÁFICA DE LA BIBLIOTECA DEL CONGRESO
Número de clasificación CR2149
Número de documento/Ítem .M47 1990
100 1# - ENTRADA PRINCIPAL--NOMBRE DE PERSONA
Nombre de persona Messía de la Cerda y Pita, Luis F.
9 (RLIN) 5938
245 10 - MENCIÓN DE TÍTULO
Título Heráldica española
Resto del título el diseño heráldico
Mención de responsabilidad, etc. Luis F. Messía de la Cerda y Pita ; ilustraciones en color Calusa y Tete Messía de la Cerda y Gabeiras.
260 ## - PUBLICACIÓN, DISTRIBUCIÓN, ETC.
Lugar de publicación, distribución, etc. Madrid
Nombre del editor, distribuidor, etc. Aldaba
Fecha de publicación, distribución, etc. [1990]
300 ## - DESCRIPCIÓN FÍSICA
Extensión 229 p.
Otras características físicas il. (algunas a color)
Dimensiones 25 cm.
500 ## - NOTA GENERAL
Nota general Incluye índice onomástico y de linajes y vocabulario heráldico
504 ## - NOTA DE BIBLIOGRAFÍA, ETC.
Nota de bibliografía, etc. Bibliografía : p. 223-225
650 14 - PUNTO DE ACCESO ADICIONAL DE MATERIA--TÉRMINO DE MATERIA
Término de materia o nombre geográfico como elemento de entrada Heráldica
Subdivisión geográfica España
9 (RLIN) 5939
650 14 - PUNTO DE ACCESO ADICIONAL DE MATERIA--TÉRMINO DE MATERIA
Término de materia o nombre geográfico como elemento de entrada Heráldica
Subdivisión general Diseño
9 (RLIN) 5940
653 0# - TÉRMINO DE INDIZACIÓN--NO CONTROLADO
Término no controlado Blasones
700 1# - PUNTO DE ACCESO ADICIONAL--NOMBRE DE PERSONA
Nombre de persona Messía de la Cerda y Gabeiras, Calusa
9 (RLIN) 5941
700 1# - PUNTO DE ACCESO ADICIONAL--NOMBRE DE PERSONA
Nombre de persona Messía de la Cerda y Gabeiras, Tete
9 (RLIN) 5942
902 ## - CATALOGADOR
Iniciales REF
942 ## - ELEMENTOS DE PUNTO DE ACCESO ADICIONAL (KOHA)
Fuente del sistema de clasificación o colocación Library of Congress Classification
Tipo de ítem Koha Libros
Holdings
Estado de retiro Estado de pérdida Estado dañado No para préstamo Localización permanente Ubicación/localización actual Fecha de adquisición Total de préstamos Signatura topográfica completa Código de barras Fecha visto por última vez Precio válido a partir de Tipo de ítem Koha
El ejemplar forma parte de la colección y puede ser consultado según las políticas vigentes.       Biblioteca del Museo Franz Mayer (Rogerio Casas-Alatriste) Biblioteca del Museo Franz Mayer (Rogerio Casas-Alatriste) 30/07/2008   CR2149 .M47 1990 REF00022 22/03/2019 22/03/2019 Libros